Determinants that influence bank profitability diplomová práca

Guardado en:
Detalles Bibliográficos
Autor principal: Dimishkovski, Nikola
Autor Corporativo: Národohospodárska fakulta EU. Katedra financií
Otros Autores: Gertler, Ľubomíra, 1977-
Formato: Libro
Lenguaje:inglés
Publicado: Bratislava 2018
Etiquetas: Agregar Etiqueta
Sin Etiquetas, Sea el primero en etiquetar este registro!

MARC

LEADER 00000nbm a2200000 4500
001 0244346
005 20181114085312.6
041 0 |a eng 
044 |a SK 
245 1 0 |a Determinants that influence bank profitability  |b diplomová práca  |c Nikola Dimishkovski ; školiteľ: Ľubomíra Gertler 
264 1 |a Bratislava  |c 2018 
300 |a 28 s. 
100 1 |a Dimishkovski, Nikola 
700 1 |a Gertler, Ľubomíra, 1977- 
710 2 |a Národohospodárska fakulta EU. Katedra financií